| 000 | 01237nam a2200325 a 4500 | ||
|---|---|---|---|
| 001 | vtls001720767 | ||
| 003 | NLI | ||
| 005 | 20210628163117.0 | ||
| 008 | 130523m1893uuuunyu 000 0 eng | ||
| 039 | 9 |
_y201305231618 _zVLOAD |
|
| 040 |
_aNLI _beng _cDatasoft_AC _eAACR2 |
||
| 041 | 0 | _aeng | |
| 044 | _a nyu | ||
| 082 | 0 | 4 | _a 345.42 |
| 100 | 0 |
_aUnited States, _bCircuit courts |
|
| 245 | 1 | 0 |
_aUnited States Circuit courts of appeals reports, with key-number annotations : _bcontaining the cases determined in all the circuits from the organization of the courts fully reported with numerous annotations by members of the editorial staff of the national reporter systems / _cedited by J. I. Gillbert |
| 246 | 0 | _aC.C.A. reports | |
| 246 | 0 | _aCCA reports. | |
| 246 | 0 |
_iOn binder _aC.C.A. all circuits. |
|
| 260 |
_aAlbany : _bHenry B. Parsons, _c1893- |
||
| 300 |
_a-v. ; _c24 cm. |
||
| 650 | 0 |
_aLaw reports, digests, etc. _zUnited States |
|
| 700 | 1 |
_aGillbert, J. I., _4edt |
|
| 710 | 2 | _aAsutosh Collection (National Library, India) | |
| 887 | _a | ||
| 901 |
_a28895 _9v.37 (186-190) |
||
| 902 | _aAC 345.42 Nb 1 | ||
| 949 |
_AVIRTUAITEM _D10000 _X100 _6GAC000028895ENG _9v.37 (186-190) |
||
| 942 |
_2ddc _cBKS |
||
| 999 |
_aVIRTUA40 _c1164591 _d1164591 |
||